Teoría y problemas de teoría de conjuntos y temas afines / (Registro nro. 6758)

Detalles MARC
000 -CABECERA
campo de control de longitud fija 00968cam a22003372u 4500
001 - NÚMERO DE CONTROL
campo de control BUGAP-004382
003 - IDENTIFICADOR DEL NÚMERO DE CONTROL
campo de control AR-TrUNPB
007 - CAMPO FIJO DE DESCRIPCIÓN FÍSICA--INFORMACIÓN GENERAL
campo de control de longitud fija ta
008 - DATOS DE LONGITUD FIJA--INFORMACIÓN GENERAL
campo de control de longitud fija 150818s1970 mx r 000 0 spa d
020 ## - NÚMERO INTERNACIONAL ESTÁNDAR DEL LIBRO
Número Internacional Estándar del Libro 007091625X
040 ## - FUENTE DE LA CATALOGACIÓN
Centro catalogador/agencia de origen AR-TrUNPB
082 0# - NÚMERO DE LA CLASIFICACIÓN DECIMAL DEWEY
Número de clasificación 511.322
Número de edición 20
100 1# - ENTRADA PRINCIPAL--NOMBRE DE PERSONA
Nombre de persona Lipschutz, Seymour
245 10 - MENCIÓN DE TÍTULO
Título Teoría y problemas de teoría de conjuntos y temas afines /
Mención de responsabilidad, etc. Seymour Lipschutz
260 ## - PUBLICACIÓN, DISTRIBUCIÓN, ETC. (PIE DE IMPRENTA)
Lugar de publicación, distribución, etc. México :
Nombre del editor, distribuidor, etc. McGraw-Hill,
Fecha de publicación, distribución, etc. 1970
300 ## - DESCRIPCIÓN FÍSICA
Extensión 233 p
490 0# - MENCIÓN DE SERIE
Mención de serie Compendios Schaum
590 ## - NOTA LOCAL (RLIN)
Nota local Registros migrados a formato MARC
650 #7 - PUNTO DE ACCESO ADICIONAL DE MATERIA--TÉRMINO DE MATERIA
Término de materia o nombre geográfico como elemento inicial MATEMATICAS
Fuente del encabezamiento o término Unescot
9 (RLIN) 4387
650 #4 - PUNTO DE ACCESO ADICIONAL DE MATERIA--TÉRMINO DE MATERIA
Término de materia o nombre geográfico como elemento inicial CONJUNTOS
650 #4 - PUNTO DE ACCESO ADICIONAL DE MATERIA--TÉRMINO DE MATERIA
Término de materia o nombre geográfico como elemento inicial RELACIONES DE EQUIVALENCIA
650 #4 - PUNTO DE ACCESO ADICIONAL DE MATERIA--TÉRMINO DE MATERIA
Término de materia o nombre geográfico como elemento inicial TEORIA DE CONJUNTOS
9 (RLIN) 14155
650 #4 - PUNTO DE ACCESO ADICIONAL DE MATERIA--TÉRMINO DE MATERIA
Término de materia o nombre geográfico como elemento inicial NUMEROS CARDINALES
650 #4 - PUNTO DE ACCESO ADICIONAL DE MATERIA--TÉRMINO DE MATERIA
Término de materia o nombre geográfico como elemento inicial AXIOMAS
650 #4 - PUNTO DE ACCESO ADICIONAL DE MATERIA--TÉRMINO DE MATERIA
Término de materia o nombre geográfico como elemento inicial LOGICA SIMBOLICA Y MATEMATICA
9 (RLIN) 6701
650 #4 - PUNTO DE ACCESO ADICIONAL DE MATERIA--TÉRMINO DE MATERIA
Término de materia o nombre geográfico como elemento inicial ALGEBRA DE BOOLE
700 1# - PUNTO DE ACCESO ADICIONAL--NOMBRE DE PERSONA
Nombre de persona Castaño, Jesús María
Término indicativo de función/relación tr
9 (RLIN) 9830
700 1# - PUNTO DE ACCESO ADICIONAL--NOMBRE DE PERSONA
Nombre de persona Robledo Moncada, Emilio
Término indicativo de función/relación colab
942 ## - ELEMENTOS DE PUNTO DE ACCESO ADICIONAL (KOHA)
Tipo de ítem Koha Libros
910 ## - Autoría del registro
Catalogador/fecha AB981207
Existencias
Estado de retiro Estado de pérdida Fuente del sistema de clasificación o colocación Estado dañado No para préstamo Localización permanente Ubicación/localización actual Fecha de adquisición Total de préstamos Signatura topográfica completa Código de barras Fecha visto por última vez Precio válido a partir de Tipo de ítem Koha Fecha del último préstamo
Depósito Caldera Presente Dewey Decimal Classification   Para el préstamo Trelew: Biblioteca Universitaria "Gabriel A. Puentes". Trelew: Biblioteca Universitaria "Gabriel A. Puentes". 30/09/2015   511.322/L 767 T06302 30/09/2015 30/09/2015 Libros  
Depósito Caldera Presente Dewey Decimal Classification   Para el préstamo Trelew: Biblioteca Universitaria "Gabriel A. Puentes". Trelew: Biblioteca Universitaria "Gabriel A. Puentes". 30/09/2015   511.322/L 767 T06304 30/09/2015 30/09/2015 Libros  
Depósito Caldera Presente Dewey Decimal Classification   Para el préstamo Trelew: Biblioteca Universitaria "Gabriel A. Puentes". Trelew: Biblioteca Universitaria "Gabriel A. Puentes". 30/09/2015   511.322/L 767 T08127 30/09/2015 30/09/2015 Libros  
En estantería Presente     Para el préstamo Trelew: Biblioteca Universitaria "Gabriel A. Puentes". Trelew: Biblioteca Universitaria "Gabriel A. Puentes". 30/09/2015 1 511.322/L 767 T08128 15/05/2019 30/09/2015 Libros 14/05/2019
Depósito Caldera Presente Dewey Decimal Classification   Para el préstamo Trelew: Biblioteca Universitaria "Gabriel A. Puentes". Trelew: Biblioteca Universitaria "Gabriel A. Puentes". 30/09/2015   511.322/L 767 T10169 30/09/2015 30/09/2015 Libros  
En estantería Presente     Para el préstamo Trelew: Biblioteca Universitaria "Gabriel A. Puentes". Trelew: Biblioteca Universitaria "Gabriel A. Puentes". 30/09/2015   511.322/L 767 T10996 30/09/2015 30/09/2015 Libros  
En estantería Presente     Para el préstamo Trelew: Biblioteca Universitaria "Gabriel A. Puentes". Trelew: Biblioteca Universitaria "Gabriel A. Puentes". 30/09/2015   511.322/L 767 T10997 30/09/2015 30/09/2015 Libros  

Con tecnología Koha